[Event "TCh-AUT 2 Mitte 2012-13"]
[Site "Bad Schallerbach AUT"]
[Date "2012.10.20"]
[Round "2.3"]
[White "Schachinger,M"]
[Black "Schriebl,A"]
[Result "1-0"]
[WhiteElo "2426"]
[BlackElo "2086"]

1.d4 Nf6 2.c4 g6 3.Nc3 d5 4.cxd5 Nxd5 5.e4 Nxc3 6.bxc3 Bg7 7.Nf3 c5 8.Be3 Qa5
9.Qd2 cxd4 10.cxd4 Qxd2+ 11.Kxd2 O-O 12.Bc4 Nc6 13.Rab1 Rd8 14.Bd5 Nxd4 15.Bxd4 Bxd4
16.Nxd4 e6 17.Bxb7 Bxb7 18.Ke3 Ba6 19.f4 Rab8 20.Rhc1 Rxb1 21.Rxb1 Rc8 22.Rb3 Bf1
23.Kf2 Ba6 24.Ra3 Bb7 25.Ke3 a6 26.Rb3 Rc7 27.g4 Kf8 28.g5 Ke7 29.Rb6 Bc8
30.Nc6+ Kd6 31.Ne5+ Ke7 32.Rc6 Rxc6 33.Nxc6+ Kd6 34.Ne5 Ke7 35.Kd4 Bb7 36.Ng4 Kf8
37.Nf6 Kg7 38.Kc5 h6 39.h4 hxg5 40.hxg5 e5 41.fxe5 Kf8 42.e6 Ke7 43.exf7 Kxf7
44.Kd6 a5 45.e5 Bc8 46.Nd7 Ke8 47.e6 Bxd7 48.exd7+ Kd8 49.Kc6  1-0

[Event "Bundesliga 2012-13"]
[Site "Hamburg GER"]
[Date "2012.10.20"]
[Round "1"]
[White "Svane,R"]
[Black "Kasimdzhanov,R"]
[Result "1-0"]
[WhiteElo "2394"]
[BlackElo "2690"]

1.d4 Nf6 2.c4 g6 3.Nc3 d5 4.cxd5 Nxd5 5.e4 Nxc3 6.bxc3 Bg7 7.Nf3 c5 8.Bb5+ Nd7
9.O-O O-O 10.Rb1 a6 11.Be2 Nf6 12.Qc2 b5 13.Bg5 cxd4 14.cxd4 Bg4 15.Rbd1 Rc8
16.Qb1 h6 17.Be3 Bh5 18.h3 g5 19.Rfe1 e6 20.Ne5 Bxe2 21.Rxe2 Ne8 22.Nd3 Rc4
23.Nc5 Qc8 24.a4 e5 25.Nb3 Rxa4 26.d5 Nd6 27.Bc5 Qb8 28.Rc1 Rc8 29.Bxd6 Rxc1+
30.Qxc1 Qxd6 31.Qc8+ Bf8 32.h4 gxh4 33.Qg4+ Kh7 34.Re3 Bg7 35.Qxh4 Bf6 36.Qh5 Kg7
37.Qg4+ Bg5 38.Rf3 Qg6 39.Rf5 Rb4 40.Qf3 Bf6 41.Nc5 Be7 42.Nd7 f6 43.d6 Bd8
44.Nc5 Bb6 45.Ne6+ Kf7 46.Nf8 Qg7 47.Nd7  1-0

[Event "7th Americas Continental 2012"]
[Site "Mar del Plata ARG"]
[Date "2012.10.20"]
[Round "10.28"]
[White "Gaitan,Juan Manuel"]
[Black "Fabian,G"]
[Result "1/2-1/2"]
[WhiteElo "2266"]
[BlackElo "2344"]

1.d4 Nf6 2.c4 g6 3.Nc3 d5 4.cxd5 Nxd5 5.e4 Nxc3 6.bxc3 Bg7 7.Be3 c5 8.Qd2 cxd4
9.cxd4 Nc6 10.Rd1 O-O 11.Nf3 Bg4 12.d5 Qa5 13.Qxa5 Nxa5 14.Bd2 b6 15.Bb5 f5
16.h3 fxe4 17.hxg4 exf3 18.O-O fxg2 19.Kxg2 Rad8 20.Bb4  1/2-1/2

[Event "7th Americas Continental 2012"]
[Site "Mar del Plata ARG"]
[Date "2012.10.20"]
[Round "10.27"]
[White "Feliciano,V"]
[Black "Della Morte,G"]
[Result "1-0"]
[WhiteElo "2268"]
[BlackElo "2346"]

1.d4 Nf6 2.c4 g6 3.Nc3 d5 4.cxd5 Nxd5 5.e4 Nxc3 6.bxc3 Bg7 7.Nf3 c5 8.Rb1 O-O
9.Be2 b6 10.O-O Bg4 11.h3 Bxf3 12.Bxf3 e5 13.dxc5 bxc5 14.Rb7 Nc6 15.Qd5 Qxd5
16.exd5 Na5 17.Rc7 Nc4 18.Rxc5 Rac8 19.Rc6 f5 20.Rd1 Kf7 21.Ra6 Ra8 22.Be2 Rfc8
23.d6 Nb6 24.d7 Rd8 25.Bb5 Bf8 26.a4 Rab8 27.Rxa7 Be7 28.a5 Nc8 29.Bc4+ Kf6
30.Ra6+ Kg7 31.Be3 f4 32.Bc1 g5 33.Kh2  1-0

[Event "TCh-AUT 2 Mitte 2012-13"]
[Site "Bad Schallerbach AUT"]
[Date "2012.10.21"]
[Round "3.3"]
[White "Genser,H"]
[Black "Schriebl,A"]
[Result "1-0"]
[WhiteElo "2290"]
[BlackElo "2086"]

1.d4 Nf6 2.c4 g6 3.Nc3 d5 4.cxd5 Nxd5 5.e4 Nxc3 6.bxc3 Bg7 7.Be3 c5 8.Qd2 Qa5
9.Rb1 cxd4 10.cxd4 Qxd2+ 11.Kxd2 O-O 12.Bd3 Nc6 13.Nf3 e6 14.Rhc1 Rd8 15.Rc4 h6
16.Ke2 a6 17.e5 Bd7 18.Nd2 b5 19.Rcc1 Rac8 20.Ne4 Na5 21.Nd6 Rxc1 22.Rxc1 Bf8
23.Ne4 Bc6 24.Nf6+ Kg7 25.d5 Rxd5 26.Nxd5 Bxd5 27.Bd2 Nc4 28.Bc3 Bxg2 29.Bxc4 bxc4
30.f3 Bh3 31.Bd4 Be7 32.Rxc4 Bg5 33.Bf2 f5 34.Ra4 f4 35.Rxa6 Bd8 36.Bc5 g5
37.Ra8  1-0

[Event "Danilo Batricevic Mem Balkan GP"]
[Site "Cetinje MNE"]
[Date "2012.10.21"]
[Round "2.8"]
[White "Bozovic,N"]
[Black "Drenchev,P"]
[Result "1-0"]
[WhiteElo "2252"]
[BlackElo "2490"]

1.d4 Nf6 2.c4 g6 3.Nc3 d5 4.cxd5 Nxd5 5.e4 Nxc3 6.bxc3 Bg7 7.Nf3 c5 8.Be3 O-O
9.Be2 Nd7 10.O-O Qa5 11.e5 cxd4 12.cxd4 Nb6 13.Bg5 Re8 14.a4 Bd7 15.Bd2 Qd5
16.a5 Nc4 17.Qb3 Be6 18.Bxc4 Qxc4 19.Qxb7 Bd5 20.Qb4 Qa6 21.Qa3 e6 22.Rfc1 Rab8
23.Rab1 Bf8 24.Qe3 Rb7 25.h4 Rc8 26.Ng5 Rxb1 27.Rxb1 Bh6 28.Qf4 Bxg5 29.Qxg5 Qd3
30.Rc1 Rxc1+ 31.Bxc1 h5 32.Be3  1-0

[Event "Bundesliga 2012-13"]
[Site "Hamburg GER"]
[Date "2012.10.21"]
[Round "2"]
[White "Hansen,SuB"]
[Black "Howell,D"]
[Result "1/2-1/2"]
[WhiteElo "2566"]
[BlackElo "2634"]

1.d4 Nf6 2.c4 g6 3.Nc3 d5 4.cxd5 Nxd5 5.e4 Nxc3 6.bxc3 Bg7 7.Bg5 c5 8.Rc1 O-O
9.Nf3 Bg4 10.d5 Qd6 11.Be2 Nd7 12.c4 e6 13.O-O Rfe8 14.h3 Bxf3 15.Bxf3 exd5
16.exd5 Bf6 17.Bh6 Bg7 18.Bg5 h6 19.Bd2 h5 20.Qb3 Bd4 21.Rce1 b6 22.Bd1 Ne5
23.Re4 Re7 24.Qg3 Rae8 25.Bf4 Qd7 26.Bg5 Nxc4 27.Ba4 Qxa4 28.Rxe7 Rxe7 29.Bxe7 Qd7
30.d6 Qe6 31.Rd1 Ne5 32.Qf4 Nc6 33.Bh4 Kg7 34.Bg3 Nb8 35.Rxd4 cxd4 36.Qxd4+ Kh7
37.Qc3 Nd7 38.Qc8 Qf5 39.Bh4 Qe6 40.Be7 Qe1+ 41.Kh2 Qe5+ 42.Kg1 Qe6 43.Kh2 a5
44.Qc6 Qf5 45.Bd8 Ne5 46.Qxb6 Qf4+ 47.Kg1 Qc1+ 48.Kh2 Qf4+ 49.Kg1 Qc1+ 50.Kh2  1/2-1/2

[Event "13th Liberec Open 2012"]
[Site "Liberec CZE"]
[Date "2012.10.22"]
[Round "3"]
[White "Happel,Hen"]
[Black "Pribyl,Jo"]
[Result "1/2-1/2"]
[WhiteElo "2131"]
[BlackElo "2314"]

1.d4 Nf6 2.c4 g6 3.Nc3 d5 4.cxd5 Nxd5 5.e4 Nxc3 6.bxc3 Bg7 7.Bg5 c5 8.Rc1 Qa5
9.Qd2 e6 10.Nf3 Nd7 11.Bd3 O-O 12.O-O b6 13.d5 exd5 14.exd5 b5 15.Rfe1 Bb7
16.Re7 Rad8 17.c4 Qxd2 18.Bxd2 bxc4  1/2-1/2

[Event "16th Unive Open"]
[Site "Hoogeveen NED"]
[Date "2012.10.24"]
[Round "6"]
[White "Van Foreest,Lucas"]
[Black "Grandelius,N"]
[Result "1/2-1/2"]
[WhiteElo "1952"]
[BlackElo "2593"]

1.d4 Nf6 2.c4 g6 3.Nc3 d5 4.cxd5 Nxd5 5.e4 Nxc3 6.bxc3 Bg7 7.Nf3 c5 8.Be2 Nc6
9.Be3 Bg4 10.e5 cxd4 11.cxd4 Qa5+ 12.Qd2 O-O 13.Rc1 Rfc8 14.Rxc6 Qxd2+ 15.Nxd2 Rxc6
16.Bxg4 Rc1+ 17.Bd1 Ra1 18.a4 Rc8 19.O-O e6 20.Ne4 Rc4 21.Bb3 Rxf1+ 22.Kxf1 Rb4
23.Nd2 a5 24.Ke2 b5 25.axb5 a4 26.Bc4 a3 27.Kd3 Rb2 28.Kc3 Bf8 29.Nb3 Rb1
30.Bc1 a2 31.Bb2 Ba3 32.Ba1 Be7 33.b6 Bd8 34.b7 Bc7 35.Bb2 Rg1 36.g3 g5 37.h3 h5
38.Kb4 Rg2 39.Nc5 Rxf2 40.Bc3 Rc2 41.Na6 Rxc3 42.Bxa2 Rc6 43.Nxc7 Rb6+ 44.Kc3 Rxb7
45.Ne8 Ra7 46.Bb3 h4 47.Nf6+ Kg7 48.gxh4  1/2-1/2

[Event "ITT La Razon 2012"]
[Site "Villa Martelli ARG"]
[Date "2012.10.24"]
[Round "2.2"]
[White "Feliciano,V"]
[Black "Lujan,C"]
[Result "0-1"]
[WhiteElo "2268"]
[BlackElo "2379"]

1.d4 Nf6 2.c4 g6 3.Nc3 d5 4.cxd5 Nxd5 5.e4 Nxc3 6.bxc3 Bg7 7.Nf3 O-O 8.Rb1 c5
9.Be2 b6 10.O-O Qc7 11.Bg5 e6 12.Qd2 Nd7 13.d5 exd5 14.exd5 Nf6 15.Bd3 Nxd5
16.Bc4 Nxc3 17.Rbe1 b5 18.Re7 Qb6 19.Bh6 bxc4 20.Bxg7 Kxg7 21.Qxc3+ Qf6 22.Qe3 Be6
23.Rc7 Rfc8 24.Rxc5 Rxc5 25.Qxc5 Rc8 26.Qxa7 c3 27.a4 Rc4 28.Rc1 c2 29.Qe3 Bf5
30.a5 Rb4 31.a6 Rb1 32.g4 Qb2  0-1

[Event "4th Marcel Duchamp GM"]
[Site "Buenos Aires ARG"]
[Date "2012.10.27"]
[Round "5"]
[White "Peralta,Fe"]
[Black "Alonso,S"]
[Result "1-0"]
[WhiteElo "2593"]
[BlackElo "2506"]

1.d4 Nf6 2.c4 g6 3.Nc3 d5 4.cxd5 Nxd5 5.e4 Nxc3 6.bxc3 Bg7 7.Bc4 c5 8.Ne2 O-O
9.O-O Nc6 10.Be3 b6 11.Rc1 Bb7 12.Bb5 a6 13.Bxc6 Bxc6 14.d5 Bb7 15.c4 e6
16.Qd2 Re8 17.Nc3 f5 18.exf5 exf5 19.Rfd1 Qd6 20.Bf4 Be5 21.Bxe5 Rxe5 22.Re1 Rae8
23.Rxe5 Qxe5 24.Rd1 Qd6 25.a4 Bc8 26.g3 Bd7 27.Rb1 Qf6 28.Rd1 Qd6 29.Kg2 Qf6
30.d6 Bc6+ 31.f3 Kf7 32.d7 Rd8 33.Nd5 Bxd5 34.Qxd5+ Qe6 35.Qd6 Qxd6 36.Rxd6 Ke7
37.Rxb6 Rxd7 38.Rxa6 Rd4 39.Ra7+ Kf6 40.Rxh7 Rxc4 41.a5 Ra4 42.Ra7 g5 43.a6 c4
44.Kf2 c3 45.Ke2 Ra2+ 46.Kd3 c2 47.Kd2 g4 48.f4 Kg6 49.Ra8 Kh7 50.a7 Kg7
51.Kc1 Kh7 52.Rf8 Rxa7 53.Rxf5 Ra1+ 54.Kxc2 Ra2+ 55.Kd3 Rxh2 56.Rg5 Ra2 57.Rxg4  1-0

[Event "Chigorin Memorial"]
[Site "St Petersburg RUS"]
[Date "2012.10.27"]
[Round "1.79"]
[White "Gladyszev,O"]
[Black "Grigorjev,Iljya"]
[Result "1-0"]
[WhiteElo "2446"]
[BlackElo "2053"]

1.d4 Nf6 2.c4 g6 3.Nc3 d5 4.cxd5 Nxd5 5.e4 Nxc3 6.bxc3 Bg7 7.Nf3 c5 8.Rb1 O-O
9.Be2 cxd4 10.cxd4 Qa5+ 11.Bd2 Qxa2 12.O-O Bg4 13.Bg5 h6 14.Be3 Nc6 15.d5 Na5
16.Rb4 b6 17.e5 Bxf3 18.Bxf3 Bxe5 19.Bxh6 Rfd8 20.Ra4 Qb3 21.Qxb3 Nxb3 22.d6 Rab8
23.dxe7 Re8 24.Rxa7 Bf6 25.Re1 Nd4 26.Bd5 Rbc8 27.Bf8 Nc6 28.Bxc6 Rxc6 29.Rb7 Bg7
30.Bxg7 Kxg7 31.h4 Kf6 32.Kh2 Re6 33.Rxe6+ Kxe6 34.Kh3 Kf6 35.g4 Rxe7 36.g5+ Ke6
37.Rxb6+ Ke5 38.Rf6 Ra7 39.Kg4 Ke4 40.h5 gxh5+ 41.Kxh5 Rb7 42.Kh6 Ra7 43.Kg7 Ra5
44.f4  1-0

[Event "ITT La Razon 2012"]
[Site "Villa Martelli ARG"]
[Date "2012.10.28"]
[Round "6.2"]
[White "Feliciano,V"]
[Black "Maggiolo,E"]
[Result "1/2-1/2"]
[WhiteElo "2268"]
[BlackElo "2054"]

1.d4 Nf6 2.c4 g6 3.Nc3 d5 4.cxd5 Nxd5 5.e4 Nxc3 6.bxc3 Bg7 7.Nf3 c5 8.Rb1 O-O
9.Be2 cxd4 10.cxd4 Qa5+ 11.Bd2 Qxa2 12.O-O Nc6 13.Bg5 e5 14.dxe5 Nxe5 15.Nxe5 Bxe5
16.Be7 Re8 17.Bb5 Bg4 18.Qxg4 Rxe7 19.Kh1 a6 20.Bd7 Bg7 21.Rxb7 Qc4 22.Rfb1 h5
23.Qf3 Qxe4 24.Qxe4 Rxe4 25.Bc6 Rd4 26.Rxf7 Rad8 27.Re7 Rd1+  1/2-1/2

[Event "Chigorin Memorial"]
[Site "St Petersburg RUS"]
[Date "2012.10.29"]
[Round "3.37"]
[White "Timofeev,Arty"]
[Black "Tseitlin,Ma"]
[Result "1-0"]
[WhiteElo "2631"]
[BlackElo "2390"]

1.d4 Nf6 2.c4 g6 3.Nc3 d5 4.cxd5 Nxd5 5.e4 Nxc3 6.bxc3 Bg7 7.Bc4 c5 8.Ne2 Nc6
9.Be3 O-O 10.O-O Bg4 11.f3 Bd7 12.Rb1 Qc7 13.Bf4 Qc8 14.d5 Na5 15.Bd3 e5
16.Be3 b6 17.f4 Nb7 18.Ba6 f6 19.Kh1 Rb8 20.Qd2 Qc7 21.Bxb7 Rxb7 22.fxe5 Qxe5
23.Bxc5 Rc8 24.Bd4 Qxe4 25.Nf4 Bh6 26.Rbe1 Qf5 27.Be3 Bb5 28.Rf3 Rd7 29.Nxg6 Qd3
30.Qf2 hxg6 31.Bxh6 Qxd5 32.Rxf6 Rf7 33.Rxg6+ Kh7 34.Rf6 Rcc7  1-0

[Event "16th OIBM 2012"]
[Site "Bad Wiessee GER"]
[Date "2012.10.30"]
[Round "4.29"]
[White "Schnepp,G"]
[Black "Deues,E"]
[Result "1/2-1/2"]
[WhiteElo "2306"]
[BlackElo "2036"]

1.d4 Nf6 2.c4 g6 3.Nc3 d5 4.cxd5 Nxd5 5.e4 Nxc3 6.bxc3 Bg7 7.Nf3 c5 8.Rb1 O-O
9.Be2 Nc6 10.d5 Ne5 11.Nxe5 Bxe5 12.Qd2 e6 13.f4 Bc7 14.O-O exd5 15.exd5 a6
16.c4 Ba5 17.Qd1 Re8 18.f5 Bc3 19.Bd3 Qh4 20.Qf3 Bd4+ 21.Kh1 f6 22.g3 Qh3
23.d6 Bd7 24.Rxb7 Rad8 25.Qd5+ Kh8 26.fxg6 hxg6 27.Rxd7 Rxd7 28.Bf4 Kg7 29.Rb1 Rh8
30.Qg2 Qxg2+ 31.Kxg2 g5 32.Bf5 Rhd8 33.Bxd7  1/2-1/2

[Event "4th Marcel Duchamp Open"]
[Site "Buenos Aires ARG"]
[Date "2012.10.30"]
[Round "8.35"]
[White "Luvotti,Damian"]
[Black "Burgin,D"]
[Result "0-1"]
[WhiteElo "1612"]
[BlackElo "1774"]

1.d4 Nf6 2.c4 g6 3.Nc3 d5 4.cxd5 Nxd5 5.e4 Nxc3 6.bxc3 Bg7 7.Rb1 c5 8.Nf3 cxd4
9.cxd4 O-O 10.Be2 Qa5+ 11.Bd2 Qxa2 12.O-O Qe6 13.Ng5 Qd6 14.d5 h6 15.Nf3 a6
16.Qc1 Kh7 17.Bf4 e5 18.Be3 Nd7 19.Ne1 b5 20.Nd3 Rg8 21.f4 f5 22.Bf3 Bf8
23.fxe5 Nxe5 24.Nxe5 Qxe5 25.Bf4 Qd4+ 26.Be3 Qd3 27.exf5 Bxf5 28.Ra1 Qc2
29.Qe1 Bd6 30.Rc1 Qb2 31.Rf2 Qe5 32.g3 Rae8 33.Re2 Bd3  0-1

[Event "Chigorin Memorial"]
[Site "St Petersburg RUS"]
[Date "2012.10.30"]
[Round "4.33"]
[White "Matlakov,M"]
[Black "Belousov,D"]
[Result "1-0"]
[WhiteElo "2665"]
[BlackElo "2340"]

1.c4 Nf6 2.d4 g6 3.Nc3 d5 4.cxd5 Nxd5 5.e4 Nxc3 6.bxc3 Bg7 7.Qa4+ Nd7 8.Nf3 O-O
9.Bg5 c5 10.Rc1 a6 11.Qa3 Rb8 12.Be2 b5 13.dxc5 Ne5 14.O-O Qc7 15.Nd2 Rd8
16.Be3 Nd3 17.Rcd1 Bb7 18.Nb3 Bxe4 19.Qxa6 Bxc3 20.c6 Nb4 21.Qa7 Qxc6 22.Rxd8+ Rxd8
23.Qxe7 Re8 24.Qg5 Re5 25.Qg3 Nxa2 26.Nd4 Qe8 27.Nxb5 Rxb5 28.Bxb5 Qxb5 29.Rd1 Qe2
30.Rd8+ Kg7 31.h3 Bf6 32.Re8 Nc3 33.Qd6 Qe1+ 34.Kh2 g5 35.Bd4 Nd5 36.Qxd5 Bxd5
37.Bxf6+ Kxf6 38.Rxe1 h5 39.h4 Be6 40.Kg3 Kg6 41.Re5  1-0

[Event "Chigorin Memorial"]
[Site "St Petersburg RUS"]
[Date "2012.10.31"]
[Round "5.47"]
[White "Goganov,A"]
[Black "Gubernatorov,S"]
[Result "1-0"]
[WhiteElo "2526"]
[BlackElo "2311"]

1.d4 Nf6 2.c4 g6 3.Nc3 d5 4.cxd5 Nxd5 5.e4 Nxc3 6.bxc3 Bg7 7.Qa4+ c6 8.Nf3 O-O
9.Be2 Nd7 10.O-O e5 11.Rd1 exd4 12.cxd4 Re8 13.Qc2 Nf6 14.Ne5 Be6 15.Be3 Nd7
16.Nd3 f5 17.Nf4 Nb6 18.Nxe6 Rxe6 19.exf5 gxf5 20.Qxf5 Qd5 21.Qh3 Rae8 22.Bd3 h6
23.Bc2 Nc4 24.Bb3 b5 25.Rac1 Kh8 26.Bxc4 bxc4 27.Qg4 Re4 28.Qe2 Rxd4 29.Rxd4 Qxd4
30.Qxc4 Qxc4 31.Rxc4 Re6 32.Kf1 a6 33.Ra4  1-0

[Event "Chigorin Memorial"]
[Site "St Petersburg RUS"]
[Date "2012.11.01"]
[Round "6.156"]
[White "Frolov,L"]
[Black "Melnikov,N1"]
[Result "1-0"]
[WhiteElo "1970"]
[BlackElo "1752"]

1.d4 Nf6 2.c4 g6 3.Nc3 d5 4.cxd5 Nxd5 5.e4 Nxc3 6.bxc3 Bg7 7.Bb5+ Bd7 8.Qb3 b6
9.Nf3 O-O 10.O-O Bxb5 11.Qxb5 c6 12.Qe2 Qc7 13.Be3 Nd7 14.Rac1 e5 15.Nd2 f5
16.f3 Rae8 17.g4 fxg4 18.fxg4 Rxf1+ 19.Rxf1 Rf8 20.Qc4+ Kh8 21.Rxf8+ Nxf8
22.d5 c5 23.Kg2 h6 24.Qf1 Qd7 25.h3 Kg8 26.Qc4 Kh7 27.Nf3 g5 28.Bf2 Ng6 29.Bg3 Qf7
30.Qd3 Nf4+ 31.Bxf4 exf4 32.e5+ Qg6 33.Qxg6+ Kxg6 34.c4 Kf7 35.a4 Ke7 36.Kf2 a6
37.Ke2 Kd7 38.Kd3 Ke7 39.Ke4 Kf7 40.Kf5 Bf8 41.d6 Ke8 42.Ke4 Kd7 43.Kd5 Bg7
44.e6+ Kd8 45.Kc6 Bf6 46.Kxb6 Bd4 47.Kxa6  1-0

[Event "TCh-NOR Eliteserien 2012-13"]
[Site "Haraldsheim NOR"]
[Date "2012.11.02"]
[Round "4"]
[White "Hansen,TR"]
[Black "Kolas,T"]
[Result "1/2-1/2"]
[WhiteElo "2444"]
[BlackElo "2227"]

1.d4 Nf6 2.c4 g6 3.Nc3 d5 4.cxd5 Nxd5 5.e4 Nxc3 6.bxc3 Bg7 7.Qa4+ Qd7 8.Qxd7+ Nxd7
9.Nf3 c5 10.Bc4 O-O 11.O-O e5 12.Ba3 b6 13.Rab1 Bb7 14.dxc5 Bxe4 15.cxb6 Nxb6
16.Bxf8 Rxf8 17.Rxb6 axb6 18.Ng5 Bf5 19.Rd1 Bf6 20.Nxf7 Rxf7 21.Rd6 b5 22.Bxf7+ Kxf7
23.Rd5 Be6 24.Rxb5 Bxa2 25.f3 h5 26.h4 Be6 27.g3 Bf5 28.Kf2 e4 29.Rb7+  1/2-1/2

[Event "TCh-NOR Eliteserien 2012-13"]
[Site "Haraldsheim NOR"]
[Date "2012.11.02"]
[Round "4"]
[White "Briseid,H"]
[Black "Hagen,Ande"]
[Result "1/2-1/2"]
[WhiteElo "2143"]
[BlackElo "2117"]

1.d4 Nf6 2.c4 g6 3.Nc3 d5 4.cxd5 Nxd5 5.e4 Nxc3 6.bxc3 Bg7 7.Bc4 c5 8.Ne2 O-O
9.Be3 Nc6 10.Rc1 cxd4 11.cxd4 Qa5+ 12.Kf1 Qa3 13.Qb3 Qxb3 14.Bxb3 Rd8 15.d5 Na5
16.f3 Nxb3 17.axb3 e6 18.Nf4 Bh6 19.dxe6 Bxe6 20.Nxe6 Bxe3 21.Nxd8 Bxc1 22.Nxb7 Rb8
23.Ke2  1/2-1/2

[Event "TCh-CZE Extraliga 2012-13"]
[Site "Czech Republic CZE"]
[Date "2012.11.03"]
[Round "1.6"]
[White "Juptner,J"]
[Black "Jansa,Vl"]
[Result "0-1"]
[WhiteElo "2364"]
[BlackElo "2451"]

1.d4 Nf6 2.c4 g6 3.Nc3 d5 4.cxd5 Nxd5 5.e4 Nxc3 6.bxc3 Bg7 7.Bc4 O-O 8.Ne2 c5
9.O-O Nc6 10.Be3 Na5 11.Bd3 b6 12.Qd2 Bb7 13.Rac1 e6 14.Bh6 Rc8 15.Bxg7 Kxg7
16.Qe3 Qe7 17.Nf4 Rfd8 18.Rfe1 cxd4 19.cxd4 Rxc1 20.Rxc1 e5 21.dxe5 Qxe5
22.h4 h6 23.Qg3 Nc6 24.Bc4 Qxe4 25.Nh5+ Kf8 26.Qc7 Qe7 27.Qf4 gxh5 28.Qxh6+ Ke8
29.Qxh5 Rd6 30.Bd5 Kd7 31.Bxf7 Kc7 32.Bd5 a6 33.Rc2 Kb8 34.Bxc6 Bxc6 35.Re2 Qg7
36.f4 Ka7 37.Qg5 Qd4+ 38.Kh2 Rf6 39.g3 a5 40.Qe5 Qd3 41.Qe3 Qd5 42.g4 Rd6
43.Rb2 Bb7 44.f5 Qc4 45.Qg3 Rd1 46.Qe3 Qc7+  0-1

[Event "TCh-CZE Extraliga 2012-13"]
[Site "Czech Republic CZE"]
[Date "2012.11.03"]
[Round "1.4"]
[White "Vokac,M"]
[Black "Votava,J"]
[Result "1/2-1/2"]
[WhiteElo "2471"]
[BlackElo "2534"]

1.d4 Nf6 2.c4 g6 3.Nc3 d5 4.cxd5 Nxd5 5.e4 Nxc3 6.bxc3 Bg7 7.Bc4 c5 8.Ne2 Nc6
9.Be3 O-O 10.O-O Qc7 11.Rc1 b6 12.Qd2 Bb7 13.Bh6 e6 14.Bxg7 Kxg7 15.f4 Na5
16.Bd3 f5 17.exf5 exf5 18.c4 cxd4 19.Nxd4 Qc5 20.Qf2 Rf6 21.Rfd1 Rd8 22.Bf1 Nc6
23.Nb3 Qxf2+ 24.Kxf2 Rxd1 25.Rxd1 Bc8 26.c5  1/2-1/2

[Event "TCh-CZE Extraliga 2012-13"]
[Site "Czech Republic CZE"]
[Date "2012.11.03"]
[Round "1.1"]
[White "Korobov,A"]
[Black "Ftacnik,L"]
[Result "1-0"]
[WhiteElo "2702"]
[BlackElo "2544"]

1.d4 Nf6 2.c4 g6 3.Nc3 d5 4.cxd5 Nxd5 5.e4 Nxc3 6.bxc3 Bg7 7.Bc4 c5 8.Ne2 Nc6
9.Be3 O-O 10.O-O b6 11.h4 cxd4 12.cxd4 e5 13.Bg5 Qd6 14.dxe5 Qxe5 15.Rc1 Na5
16.Bd5 Bb7 17.f4 Qb2 18.f5 Bxd5 19.exd5 Rfe8 20.Rc2 Qb5 21.d6 Bf8 22.fxg6 hxg6
23.Nf4 Nc4 24.d7 Red8 25.Nd5 Bg7 26.Ne7+ Kh7 27.Rxf7 Ne5 28.h5 Nxf7 29.hxg6+ Kh8
30.Qh5+ Nh6 31.Qh4 Qxd7 32.Bxh6 Qd4+ 33.Qxd4 Bxd4+ 34.Kh2 Bg7 35.Bg5 Rd3
36.Re2 Rf8 37.g4 Rdf3 38.Kg2 Bf6  1-0

[Event "2nd Novara Open A 2012"]
[Site "Novara ITA"]
[Date "2012.11.03"]
[Round "2.9"]
[White "Castrogiovanni,C"]
[Black "Pienabarca,N"]
[Result "0-1"]
[WhiteElo "1978"]
[BlackElo "2110"]

1.d4 Nf6 2.c4 g6 3.Nc3 d5 4.cxd5 Nxd5 5.e4 Nxc3 6.bxc3 Bg7 7.Be3 c5 8.Qd2 Qa5
9.Nf3 O-O 10.Be2 Nc6 11.Rc1 cxd4 12.cxd4 Qxd2+ 13.Kxd2 Rd8 14.Rc4 Bg4 15.Kc3 Rac8
16.Kd2 Bxf3 17.Bxf3 Bxd4 18.Ke2 Bxe3 19.Kxe3 Ne5 20.Rxc8 Rxc8 21.Be2 Nc4+
22.Bxc4 Rxc4 23.Rb1 b6 24.Rb3 e5 25.g3 f6 26.Rd3 Ra4 27.a3 Kf7 28.f4 Ke6
29.fxe5 Kxe5 30.Rd5+ Ke6 31.Rd3 Rc4 32.g4 Rc6 33.h3 b5 34.h4 a5 35.Rb3 Rc5
36.Kd4 Kd6 37.Rb2 Rc4+ 38.Kd3 Kc5 39.Rf2 Rd4+ 40.Ke3 Rd6 41.Rc2+ Kb6 42.Rb2 Rd1
43.g5 fxg5 44.hxg5 Rg1 45.Kf4 Kc5 46.Rd2 b4 47.Rd5+ Kc4 48.Rxa5 b3 49.Ra8 b2
50.Rc8+ Kd4 51.Rd8+ Kc5 52.Rb8 b1=Q 53.Rxb1 Rxb1 54.Ke5 Ra1 55.Kf6 Rxa3 56.e5 Rf3+
57.Kg7 Rf5 58.e6 Kd6  0-1

[Event "16th OIBM 2012"]
[Site "Bad Wiessee GER"]
[Date "2012.11.04"]
[Round "9.26"]
[White "Lampert,J"]
[Black "Hansch,Ka"]
[Result "1-0"]
[WhiteElo "2299"]
[BlackElo "2045"]

1.d4 Nf6 2.c4 g6 3.Nc3 d5 4.cxd5 Nxd5 5.e4 Nxc3 6.bxc3 Bg7 7.Bc4 c5 8.Ne2 O-O
9.O-O Nc6 10.Be3 Qc7 11.Rc1 b6 12.Qd2 Bb7 13.Bh6 Rad8 14.Bxg7 Kxg7 15.f4 h6
16.f5 cxd4 17.cxd4 Qd6 18.Bd5 e6 19.f6+ Kh7 20.Rf3 exd5 21.Rh3 h5 22.Qg5  1-0

[Event "TCh-CZE Extraliga 2012-13"]
[Site "Czech Republic CZE"]
[Date "2012.11.04"]
[Round "2.7"]
[White "Cech,P"]
[Black "Walek,M"]
[Result "1-0"]
[WhiteElo "2376"]
[BlackElo "2350"]

1.d4 Nf6 2.c4 g6 3.Nc3 d5 4.cxd5 Nxd5 5.e4 Nxc3 6.bxc3 Bg7 7.Nf3 c5 8.Rb1 O-O
9.Be2 Qc7 10.O-O Nc6 11.d5 Ne5 12.c4 Nxf3+ 13.Bxf3 Bd4 14.Bg5 e5 15.Bg4 f5
16.exf5 gxf5 17.Bh3 a5 18.Be3 Ra6 19.Bxd4 cxd4 20.Qd3 Qg7 21.Rfd1 Qh6 22.Qd2 Qh5
23.f4 Rg6 24.Kh1 Re8 25.fxe5 Rxe5 26.Re1 Re4 27.Rxe4 fxe4 28.Bxc8 Qe5 29.Be6+ Kh8
30.Kg1 e3 31.Qd3 Rf6 32.Rxb7 Qh5 33.Qxd4  1-0

[Event "TCh-AUT 2012-13"]
[Site "Hohenems AUT"]
[Date "2012.11.04"]
[Round "3.3"]
[White "Schlosser,P"]
[Black "Horvath,Cs1"]
[Result "1/2-1/2"]
[WhiteElo "2579"]
[BlackElo "2514"]

1.d4 Nf6 2.c4 g6 3.Nc3 d5 4.cxd5 Nxd5 5.e4 Nxc3 6.bxc3 Bg7 7.Qa4+ Qd7 8.Qb3 O-O
9.Nf3 c5 10.Be3 cxd4 11.cxd4 Nc6 12.Rd1 Qd6 13.h3 Qb4+ 14.Rd2 Qxb3 15.axb3 Nb4
16.Ne5 Be6 17.Nd3 Nxd3+ 18.Bxd3 Bxb3 19.Rb2 Be6 20.Rxb7 Bxd4 21.Bxd4 Rfd8
22.Rxa7 Rxa7 23.Bxa7 Rxd3 24.O-O Bb3 25.Rc1 Rd1+ 26.Rxd1 Bxd1 27.f3 f6 28.Kf2 Kf7
29.Ke3 e5 30.Bb8 Ke6 31.g4  1/2-1/2

[Event "US Chess League 2012"]
[Site "ICC INT"]
[Date "2012.11.07"]
[Round "10"]
[White "Katz,Alexander R"]
[Black "Burke,John M"]
[Result "1/2-1/2"]
[WhiteElo "2217"]
[BlackElo "2009"]

1.d4 Nf6 2.c4 g6 3.Nc3 d5 4.cxd5 Nxd5 5.e4 Nxc3 6.bxc3 Bg7 7.Nf3 c5 8.Rb1 O-O
9.Be2 Nc6 10.d5 Ne5 11.Nxe5 Bxe5 12.Qd2 e6 13.f4 Bc7 14.O-O exd5 15.exd5 Ba5
16.d6 Rb8 17.Ba3 Bf5 18.Rbd1 b6 19.Bb2 Qf6 20.Bb5 Bg4 21.Rde1 Rbd8 22.f5 Qxd6
23.Qg5 Qd2 24.Qxg4 Qxb2 25.fxg6 hxg6 26.Rxf7 Rxf7 27.Qxg6+ Kf8 28.Qh6+ Kg8
29.Qg5+ Kh7 30.Qh4+ Kg7 31.Qg5+ Kh7 32.Qh5+ Kg7 33.Qg5+  1/2-1/2

[Event "TCh-ESP CECLUB Div Honor 2012"]
[Site "Leon ESP"]
[Date "2012.11.07"]
[Round "3.1"]
[White "San Segundo Carrillo,P"]
[Black "Fluvia Poyatos,Jor"]
[Result "0-1"]
[WhiteElo "2509"]
[BlackElo "2467"]

1.d4 Nf6 2.c4 g6 3.Nc3 d5 4.cxd5 Nxd5 5.e4 Nxc3 6.bxc3 Bg7 7.Be3 O-O 8.Nf3 c5
9.Be2 b6 10.h4 Bb7 11.e5 Nc6 12.h5 cxd4 13.cxd4 Rc8 14.hxg6 hxg6 15.Qd2 Qd5
16.Bg5 Rfd8 17.Rd1 Nxd4 18.Qxd4 Qa5+ 19.Bd2 Rxd4 20.Bxa5 Rxd1+ 21.Bxd1 bxa5
22.Rh4 Rc5 23.Bb3 Bxe5 24.Nxe5 Rxe5+ 25.Kf1 Re4 26.Rh3 Ba6+ 27.Kg1 e6 28.Rc3 a4
29.Bc2 Rc4 30.Rxc4 Bxc4 31.a3 Bb3 32.Bd3 Kf8 33.f4 Ke7 34.Kf2 Kd6 35.Ke3 Kc5
36.g4 Bc4 37.Bc2 Bb5 38.g5 a6 39.Ke4 Kc4 40.Ke5 Kc3 41.Bd1 Kb2 42.Kf6 Kxa3
43.Kxf7 Bd3  0-1

[Event "TCh-ESP CECLUB Div Honor 2012"]
[Site "Leon ESP"]
[Date "2012.11.08"]
[Round "4.1"]
[White "Goganov,A"]
[Black "Asis Gargatagli,H"]
[Result "1-0"]
[WhiteElo "2530"]
[BlackElo "2474"]

1.d4 Nf6 2.c4 g6 3.Nc3 d5 4.cxd5 Nxd5 5.e4 Nxc3 6.bxc3 Bg7 7.Qa4+ Nd7 8.Nf3 O-O
9.Bg5 h6 10.Be3 c5 11.Rd1 cxd4 12.cxd4 Nb6 13.Qb3 Bd7 14.Bb5 Bxb5 15.Qxb5 Qc8
16.O-O Qc2 17.Qb1 Rfc8 18.Rc1 Qxb1 19.Rxb1 Rc2 20.Rfc1 Rac8 21.g4 e6 22.Rxc2 Rxc2
23.Rc1 Rxa2 24.Rc7 a5 25.g5 h5 26.Rxb7 Nc4 27.Bf4 a4 28.Rb4 Na5 29.d5 exd5
30.exd5 Ra1+ 31.Kg2 Rd1 32.d6 a3 33.Ra4 Nb7 34.Rxa3 Nxd6 35.Ra8+ Bf8 36.Rd8 Rd5
37.Be5 Rxe5 38.Nxe5 Kg7 39.Rd7 Kg8 40.f4 Kg7 41.Kf3  1-0

[Event "WY BU14 2012"]
[Site "Maribor SLO"]
[Date "2012.11.08"]
[Round "1.19"]
[White "Mousavi,Se"]
[Black "Dolinar,Jan"]
[Result "1-0"]
[WhiteElo "2254"]
[BlackElo "1818"]

1.d4 Nf6 2.c4 g6 3.Nc3 d5 4.cxd5 Nxd5 5.e4 Nxc3 6.bxc3 Bg7 7.Bc4 c5 8.Ne2 O-O
9.O-O Nc6 10.Be3 a6 11.dxc5 Qa5 12.h3 Rd8 13.Qc2 Ne5 14.Bb3 Bd7 15.a4 Bc6
16.f4 Nd7 17.Qa2 Rf8 18.Bd5 Nxc5 19.Bxc6 bxc6 20.Qc4 Ne6 21.f5 Nd8 22.Rab1 Qc7
23.Bd4 Nb7 24.Bxg7 Kxg7 25.Nf4 Nd6 26.Qd4+ Kg8 27.Kh1 Rfd8 28.Qe5 Qa7 29.fxg6 hxg6
30.Rbe1 Qd7 31.Qg5 Kg7 32.e5 Nf5 33.e6 fxe6 34.Nxe6+ Kh7 35.Rxf5  1-0